Nhận biết điều trị phòng ngừa 100 bệnh thường gặp

Zapisane w:
Opis bibliograficzny
1. autor: HOÀNG Dân KIỆT
Format: Książka
Język:Undetermined
Wydane: Phụ nữ 2002
Etykiety: Dodaj etykietę
Nie ma etykietki, Dołącz pierwszą etykiete!
Thư viện lưu trữ: Trung tâm Học liệu Trường Đại học Cần Thơ
LEADER 00525nam a2200145Ia 4500
001 CTU_48634
008 210402s9999 xx 000 0 und d
082 |a 615.58 
082 |b K308 
100 |a HOÀNG Dân KIỆT 
245 0 |a Nhận biết điều trị phòng ngừa 100 bệnh thường gặp 
245 0 |c HOÀNG Dân KIỆT, HOÀNG NHÂN KIỆT; Dịch giả: Nguyễn Khắc Khoái 
260 |b Phụ nữ 
260 |c 2002 
980 |a Trung tâm Học liệu Trường Đại học Cần Thơ